| 000 | 00000nas 2200000za 4500 |
| 001 | 9.829681 |
| 003 | CaOODSP |
| 005 | 20221107145340 |
| 007 | cr ||||||||||| |
| 008 | 161228d19371959oncar p oss f0###a0eng|d |
| 040 | |aCaOODSP|beng |
| 043 | |an-cn--- |
| 086 | 1 |aCS42-206E-PDF |
| 245 | 04|aThe shipbuilding industry |h[electronic resource]. |
| 246 | 1 |iAt head of caption title: |aIron and steel and their products group,|f1937-1948 |
| 260 | |aOttawa : |bDominion Bureau of Statistics, Mining, Metallurgical and Chemical Branch, |c[1959]-1961. |
| 310 | |aAnnual |
| 362 | 0 |a1937-1959. |
| 490 | 0 |aAnnual industry report |
| 490 | 0 |aCensus of Industry |
| 500 | |aDigitized edition from print [produced by Statistics Canada]. |
| 515 | |aIssues for 1940-1942 not published. |
| 515 | |aIssues for 1949-1950, 1954-1956 called also v. 2, pt. XIII, H-1; 1951-1953 called also v. 2, pt. XI, H-1. |
| 520 | |aPrincipal statistics of the shipbuilding industry, including number of plants, average number of employees, salaries and wages, cost of fuel and electricity, cost of materials and gross selling value. |
| 550 | |aIssued 1945-1946 by Mining, Metallurgical and Chemical Statistics; 1947-1952 by Mining, Metallurgical and Chemical Section; 1953-1956 by Metal and Chemical Products Section; 1957-1959 by Industry and Merchandising Division. |
| 692 | 07|2gccst|aShipbuilding |
| 692 | 07|2gccst|aStatistics |
| 710 | 1 |aCanada. |bDominion Bureau of Statistics. |bMining, Metallurgical and Chemical Section. |
| 710 | 1 |aCanada.|bCensus of Industry.|bMining, Metallurgical and Chemical Statistics. |
| 710 | 1 |aCanada. |bCensus of Industry. |bMining, Metallurgical & Chemical Branch. |
| 785 | 00|tShipbuilding and repair |w(CaOODSP)9.829683 |